| 000 | 00858cam a2200253 a 4500 | ||
|---|---|---|---|
| 003 | PILC | ||
| 005 | 20150305083402.0 | ||
| 008 | 100625s2008 ph b 000 0 eng | ||
| 010 | _a2010338600 | ||
| 020 | _a9789715848541 | ||
| 020 | _a9789719924500 | ||
| 050 | 0 | 0 |
_aKPM 2832 _b.Ad94 2012 |
| 100 | 1 | _aAduana, Nick L. | |
| 245 | 1 | 0 |
_aSimplified and procedural handbook on income taxation / _cNick L. Aduana. |
| 246 | 3 | 0 | _aIncome taxation. |
| 250 | _a2nd ed. | ||
| 260 |
_aQuezon City, Philippines : _bC & E Pub., _c2012. |
||
| 300 |
_axxi, 746 pages : _billustrations ; _c22 cm. |
||
| 500 | _aOn cover: Simplified and procedural handbook on income taxation. | ||
| 521 | _aBusiness Administration | ||
| 650 | 0 |
_aIncome tax _xLaw ang legislation _zPhilippines. |
|
| 740 | 0 | _aSimplified and procedural handbook on income taxation. | |
| 942 |
_2lcc _cBK |
||
| 999 |
_c283721 _d283721 |
||